000 00512nam a2200145 a 4500
008 120416s1983 ||||||||||||||||| || u
050 _aHJ 141 Her
100 _aHerber, Bernard P
245 1 0 _aModern public finance
250 _a5th ed.
260 _aHomewood, [Ill.]
_bRichard D. Irwin
_c1983
300 _axv, 468p. : ill.
350 _a0.00
995 _D0.00
_FCBU-MAIN LIBRARY (Kitwe)
_H1
_I0.00
_M1
_ULOST
_VDec 10, 2013
_ZMain Library Open Access Collection
999 _c51513
_d51513